Statistics for Minecraft: How Did We Get Here? Effects

Click here to take the quiz!

General Stats

  • This quiz has been taken 29 times
  • The average score is 22 of 27

Answer Stats

HintAnswer% Correct
Makes player disappearInvisibility
96%
Increases mining and attack speedHaste
91%
Regenerates healthRegeneration
91%
Decreases walking speedSlowness
91%
Increases walking speedSpeed
91%
Causes raids on villagesBad Omen
87%
Gives discounts on villager tradesHero of the Village
87%
Causes player to starve quickerHunger
87%
Increases jump heightJump Boost
87%
Makes player floatLevitation
87%
Inflicts damage over time (but cannot kill)Poison
87%
Reduces damageResistance
87%
Lowers visibilityBlindness
83%
Darkens the screenDarkness
83%
Increases swimming speedDolphin’s Grace
83%
Prevents fire damageFire Resistance
83%
Player can be seen through blocksGlowing
83%
Decreases mining and attack speedMining Fatigue
83%
Increases visibility in dark areasNight Vision
83%
Prevents drowningWater Breathing
83%
Increases damage over time (can kill)Wither
83%
Decreases falling speedSlow Falling
78%
Increases melee damageStrength
78%
Decreases melee damageWeakness
78%
Warps the screenNausea
74%
Increases visibility, mining speed, and prevents drowning underwaterConduit Power
65%
Adds additional heartsAbsorption
52%

Score Distribution

Percentile by Number Answered

Percent of People with Each Score

Your Score History

You have not taken this quiz